[Event "4th Balagne Open"]
[Site "Calvi FRA"]
[Date "2007.02.26"]
[Round "1"]
[White "Wang Yue"]
[Black "Rossi, P."]
[Result "1-0"]
[WhiteElo "2644"]
[BlackElo "1851"]
[PlyCount "49"]
[EventDate "2007.02.26"]

1. d4 d5 2. c4 e6 3. Nc3 Nf6 4. Bg5 Be7 5. Nf3 c6 6. e3 Nbd7 7. Qc2 O-O 8. Rd1
h6 9. Bh4 Qa5 10. a3 Re8 11. Be2 Bd6 12. O-O dxc4 13. Bxc4 Qh5 14. Be2 Nd5 15.
Ne4 Be7 16. Bg3 Qg6 17. Bd3 f5 18. Nd6 Rf8 19. e4 N5b6 20. exf5 Qg4 21. h3 Qh5
22. fxe6 Nf6 23. Nxc8 Raxc8 24. Ne5 c5 25. Bg6 1-0

[Event "4th Balagne Open"]
[Site "Calvi FRA"]
[Date "2007.02.26"]
[Round "1"]
[White "Wang Hao"]
[Black "Gil, L."]
[Result "1-0"]
[WhiteElo "2619"]
[BlackElo "1848"]
[PlyCount "55"]
[EventDate "2007.02.26"]

1. e4 c5 2. Nf3 Nc6 3. Nc3 g6 4. d4 cxd4 5. Nxd4 Bg7 6. Be3 Nf6 7. Bc4 O-O 8.
Bb3 Qa5 9. O-O b5 10. a4 b4 11. Nd5 Nxd5 12. exd5 Nxd4 13. Bxd4 Bxd4 14. Qxd4
e6 15. Rfe1 Re8 16. Re5 Qc7 17. Rae1 a5 18. h4 Ra6 19. h5 Rf8 20. h6 f6 21.
dxe6 dxe6 22. Rc5 Rc6 23. Rxc6 Qxc6 24. Qa7 Bb7 25. Bxe6+ Kh8 26. Bh3 Ra8 27.
Qd4 Rf8 28. Re6 1-0

[Event "4th Balagne Open"]
[Site "Calvi FRA"]
[Date "2007.02.26"]
[Round "1"]
[White "Battesti, L."]
[Black "Malakhatko, V."]
[Result "0-1"]
[WhiteElo "1847"]
[BlackElo "2604"]
[PlyCount "21"]
[EventDate "2007.02.26"]

1. Nf3 d5 2. c4 e6 3. d4 Nf6 4. g3 dxc4 5. Na3 c5 6. Nxc4 Nc6 7. e3 cxd4 8.
exd4 Bb4+ 9. Bd2 Bxd2+ 10. Qxd2 Qd5 11. Ne3 0-1

[Event "4th Balagne Open"]
[Site "Calvi FRA"]
[Date "2007.02.26"]
[Round "1"]
[White "Kryvoruchko, Y."]
[Black "Burghouwt, P."]
[Result "1-0"]
[WhiteElo "2592"]
[BlackElo "1813"]
[PlyCount "69"]
[EventDate "2007.02.26"]

1. e4 Nc6 2. Nf3 d6 3. d4 Nf6 4. Nc3 Bg4 5. d5 Ne5 6. Be2 e6 7. Nxe5 Bxe2 8.
Qxe2 dxe5 9. Qb5+ Nd7 10. Qxb7 Rb8 11. Qc6 Rb6 12. Qc4 Rb4 13. Qe2 Qb8 14. O-O
Nf6 15. a3 Rb7 16. dxe6 fxe6 17. Qc4 Kf7 18. f4 Bd6 19. f5 Re8 20. fxe6+ Rxe6
21. Nd5 Qe8 22. b4 c6 23. Nxf6 gxf6 24. Be3 Kg7 25. Rad1 h6 26. Rd3 Rc7 27.
Rfd1 Qe7 28. Bc1 a5 29. bxa5 Bc5+ 30. Kh1 Kh7 31. Rh3 f5 32. exf5 Rd7 33. Rxd7
Qxd7 34. Qxc5 Rd6 35. Qxd6 1-0

[Event "4th Balagne Open"]
[Site "Calvi FRA"]
[Date "2007.02.26"]
[Round "1"]
[White "Geronimi, D."]
[Black "Oleksienko, M."]
[Result "0-1"]
[WhiteElo "1802"]
[BlackElo "2541"]
[PlyCount "53"]
[EventDate "2007.02.26"]

1. e4 c5 2. Nc3 Nc6 3. f4 e6 4. Nf3 a6 5. a3 b5 6. b4 cxb4 7. axb4 Bb7 8. Ba3
Nxb4 9. Bxb4 Bxb4 10. Bd3 Qb6 11. Na2 Be7 12. Nc3 Nf6 13. Ne5 O-O 14. g4 Nd5
15. g5 Nxc3 16. Qh5 Nxe4 17. Rf1 Bb4 18. c3 g6 19. Qh6 Bxc3 20. Ke2 Bxa1 21.
Bxe4 Bxe5 22. Bxb7 Bg7 23. Qh4 Qxb7 24. Rf3 Rfc8 25. Rh3 Qe4+ 26. Re3 Qg2+ 27.
Kd3 0-1

[Event "4th Balagne Open"]
[Site "Calvi FRA"]
[Date "2007.02.26"]
[Round "1"]
[White "Sulava, N."]
[Black "Campana, M."]
[Result "1-0"]
[WhiteElo "2537"]
[BlackElo "1791"]
[PlyCount "45"]
[EventDate "2007.02.26"]

1. d4 d5 2. Nf3 Nf6 3. c4 c6 4. cxd5 cxd5 5. Nc3 Nc6 6. Bf4 Bf5 7. e3 e6 8. Bb5
Be7 9. Ne5 Qb6 10. Qb3 Rc8 11. O-O O-O 12. Bxc6 bxc6 13. Rfc1 c5 14. Qxb6 axb6
15. Na4 Bd8 16. dxc5 bxc5 17. Nxc5 Be7 18. Nb3 Nh5 19. Nc6 Bf6 20. Bd6 Rfe8 21.
Nbd4 Bg6 22. g4 Bxd4 23. gxh5 1-0

[Event "4th Balagne Open"]
[Site "Calvi FRA"]
[Date "2007.02.26"]
[Round "1"]
[White "Geronimi, Pa"]
[Black "Chulivska, V."]
[Result "0-1"]
[WhiteElo "1708"]
[BlackElo "2208"]
[PlyCount "62"]
[EventDate "2007.02.26"]

1. e4 c5 2. Nf3 d6 3. c3 Nf6 4. d4 Nxe4 5. dxc5 Nxc5 6. Bc4 e6 7. O-O Be7 8.
Be3 O-O 9. Nbd2 d5 10. Bb3 Nxb3 11. Nxb3 b6 12. Re1 Nd7 13. Qd2 Bb7 14. Rad1
Nc5 15. Nxc5 bxc5 16. b4 Rc8 17. bxc5 Bxc5 18. Bxc5 Rxc5 19. Qd4 Qa5 20. Re3
Rfc8 21. Qb4 Qc7 22. Rc1 Rc4 23. Qb3 d4 24. Nxd4 Rxd4 25. Rb1 Rd2 26. Rbe1 Bd5
27. Qb4 Rxa2 28. Rc1 Re8 29. Qd4 Rb8 30. c4 Bb7 31. Rd1 h6 0-1

[Event "4th Balagne Open"]
[Site "Calvi FRA"]
[Date "2007.02.26"]
[Round "1"]
[White "Leveque, C."]
[Black "Humeau, C."]
[Result "0-1"]
[WhiteElo "1640"]
[BlackElo "2160"]
[PlyCount "62"]
[EventDate "2007.02.26"]

1. d4 Nf6 2. Nf3 c5 3. e3 e6 4. Bd3 d5 5. b3 Nc6 6. Bb2 cxd4 7. Nxd4 Nxd4 8.
Bxd4 Qa5+ 9. c3 Bd6 10. b4 Qc7 11. Bxf6 gxf6 12. g3 Bd7 13. Qc2 Rc8 14. Ke2
Bxb4 15. Rc1 Bd6 16. Nd2 Be5 17. Qb3 O-O 18. Rab1 b5 19. Nf3 a6 20. Qb4 Bxc3
21. Qh4 Rfd8 22. Qxh7+ Kf8 23. Qh3 e5 24. Bf5 Qc4+ 25. Kd1 Bxf5 26. Qxf5 Qf1+
27. Kc2 Qe2+ 28. Kb3 Qc4+ 29. Kc2 e4 30. Ng1 Qxa2+ 31. Kd1 Qd2# 0-1

[Event "4th Balagne Open"]
[Site "Calvi FRA"]
[Date "2007.02.27"]
[Round "2"]
[White "Farnault, E."]
[Black "Wang Yue"]
[Result "0-1"]
[WhiteElo "2074"]
[BlackElo "2644"]
[PlyCount "150"]
[EventDate "2007.02.26"]

1. e4 c5 2. Nf3 d6 3. d4 cxd4 4. Nxd4 Nf6 5. Nc3 a6 6. Rg1 e5 7. Nb3 Be6 8. g4
d5 9. exd5 Nxd5 10. Nxd5 Bxd5 11. Be3 Nc6 12. Qd2 Rc8 13. O-O-O Nb4 14. c4 Be6
15. Qxd8+ Rxd8 16. Rxd8+ Kxd8 17. a3 Nc6 18. Nc5 Bxc5 19. Bxc5 Kc7 20. Kc2 Rd8
21. Be2 Nd4+ 22. Bxd4 Rxd4 23. b3 a5 24. Kc3 Re4 25. Kd3 Rd4+ 26. Kc3 Re4 27.
Kd3 Rf4 28. f3 a4 29. Kc3 axb3 30. Kxb3 e4 31. Rg3 exf3 32. Rxf3 Bxc4+ 33. Kc3
Rxf3+ 34. Bxf3 Bb5 35. g5 Bc6 36. Bg4 Kd6 37. Kd4 f6 38. gxf6 gxf6 39. Bf5 h6
40. Bc8 Kc7 41. Bg4 Kb6 42. Kc4 Ka5 43. Bd1 Ba4 44. Bf3 Bc6 45. Bd1 b6 46. h4
Ka6 47. Bc2 Kb7 48. Kd4 Kc7 49. Bf5 Kd6 50. Bg4 Ba4 51. Bh3 Bb3 52. Bg4 Be6 53.
Bh5 Bd7 54. Bf7 Bc6 55. Bc4 f5 56. Bb3 Bb5 57. Bd5 Be2 58. Bb3 Bf3 59. Bc4 Bb7
60. Bb3 Bc6 61. Bc4 f4 62. Bb3 Ke7 63. Ke5 f3 64. Bc4 f2 65. Bf1 Be8 66. Bc4
Bd7 67. Bf1 Be8 68. Bc4 Ba4 69. Bd3 Bd1 70. Bc4 Ba4 71. Bd3 Kd7 72. Kf4 Kc6 73.
Kf3 Kc5 74. Kxf2 Kd4 75. Ke2 Kc3 0-1

[Event "4th Balagne Open"]
[Site "Calvi FRA"]
[Date "2007.02.27"]
[Round "2"]
[White "Ni Hua"]
[Black "Baudson, C."]
[Result "1-0"]
[WhiteElo "2632"]
[BlackElo "2065"]
[PlyCount "51"]
[EventDate "2007.02.26"]

1. e4 e6 2. d4 d5 3. Nc3 Nf6 4. e5 Nfd7 5. f4 c5 6. Nf3 Nc6 7. Be3 a6 8. Qd2 b5
9. a3 Bb7 10. Be2 Rc8 11. O-O Qb6 12. Rad1 Na5 13. Kh1 Nc4 14. Bxc4 bxc4 15.
dxc5 Bxc5 16. Na4 Qb5 17. Nxc5 Nxc5 18. Bxc5 Qxc5 19. f5 c3 20. bxc3 Qxc3 21.
Qg5 Qxa3 22. Nd4 exf5 23. Nxf5 Kd7 24. Nd6 Kc6 25. Rxf7 Ba8 26. Qe7 1-0

[Event "4th Balagne Open"]
[Site "Calvi FRA"]
[Date "2007.02.27"]
[Round "2"]
[White "Dubois, M."]
[Black "Wang Hao"]
[Result "0-1"]
[WhiteElo "2064"]
[BlackElo "2619"]
[PlyCount "82"]
[EventDate "2007.02.26"]

1. e4 e6 2. Nf3 d5 3. Nc3 d4 4. Ne2 c5 5. c3 Nc6 6. d3 e5 7. g3 Be7 8. Bg2 Nf6
9. O-O O-O 10. h3 dxc3 11. bxc3 h6 12. Nh4 Re8 13. Nf5 Bf8 14. Be3 Be6 15. g4
Qd7 16. Qd2 Rad8 17. Rad1 b5 18. g5 Nh7 19. gxh6 g6 20. Ng7 Bxg7 21. hxg7 Bxh3
22. Ng3 Qg4 23. Kh2 Bxg2 24. Kxg2 c4 25. f3 Qd7 26. d4 exd4 27. cxd4 f5 28. d5
Qxg7 29. Qc1 Ne5 30. Bd4 Qf7 31. Bxe5 Rxe5 32. Qb2 Qe8 33. f4 Rxe4 34. Nxe4
Qxe4+ 35. Kg3 Rxd5 36. Rde1 Rd3+ 37. Kh4 g5+ 38. Kh5 Kf7 39. Qh2 Qc6 40. Re7+
Kxe7 41. fxg5 Qe8+ 0-1

[Event "4th Balagne Open"]
[Site "Calvi FRA"]
[Date "2007.02.27"]
[Round "2"]
[White "Malakhatko, V."]
[Black "Massoni, M."]
[Result "1-0"]
[WhiteElo "2604"]
[BlackElo "2055"]
[PlyCount "41"]
[EventDate "2007.02.26"]

1. d4 Nf6 2. c4 g6 3. Nc3 d5 4. cxd5 Nxd5 5. e4 Nxc3 6. bxc3 Bg7 7. Bb5+ Bd7 8.
Be2 c5 9. Nf3 Nc6 10. Rb1 cxd4 11. cxd4 Qa5+ 12. Bd2 Qxa2 13. Rxb7 Nxd4 14.
Nxd4 Bxd4 15. O-O Qe6 16. Bb4 Qf6 17. e5 Qxe5 18. Rxd7 Kxd7 19. Bc3 Qd6 20.
Bxd4 Rhd8 21. Qa4+ 1-0

[Event "4th Balagne Open"]
[Site "Calvi FRA"]
[Date "2007.02.27"]
[Round "2"]
[White "Kradolfer, D."]
[Black "Kryvoruchko, Y."]
[Result "0-1"]
[WhiteElo "2034"]
[BlackElo "2592"]
[PlyCount "52"]
[EventDate "2007.02.26"]

1. c4 c5 2. Nf3 Nf6 3. Nc3 Nc6 4. d4 cxd4 5. Nxd4 e6 6. a3 Bc5 7. e3 O-O 8. b4
Be7 9. Be2 a5 10. b5 Nxd4 11. exd4 b6 12. Be3 Bb7 13. O-O Rc8 14. Na4 d6 15.
Rc1 Nd7 16. Bd3 g6 17. Bh6 Re8 18. f4 Bf6 19. Bb1 d5 20. Qd3 dxc4 21. Rxc4 Rxc4
22. Qxc4 Qa8 23. f5 Bd5 24. Qd3 exf5 25. Rxf5 gxf5 26. Qxf5 Bxd4+ 0-1

[Event "4th Balagne Open"]
[Site "Calvi FRA"]
[Date "2007.02.27"]
[Round "2"]
[White "Oleksienko, M."]
[Black "Ouadi, W."]
[Result "1-0"]
[WhiteElo "2541"]
[BlackElo "2033"]
[PlyCount "49"]
[EventDate "2007.02.26"]

1. e4 c5 2. Nf3 d6 3. d4 cxd4 4. Nxd4 Nf6 5. Nc3 a6 6. Be2 e5 7. Nb3 Be7 8. O-O
Be6 9. f4 exf4 10. Bxf4 Nc6 11. Qe1 O-O 12. Qg3 Qc7 13. Rad1 Rad8 14. Kh1 Rfe8
15. Bh6 g6 16. Nc5 Ne5 17. Nxe6 fxe6 18. Qh3 Qd7 19. Rf2 Nf7 20. Be3 e5 21.
Rdf1 Kg7 22. Nd5 Qxh3 23. gxh3 Nxd5 24. Rxf7+ Kg8 25. exd5 1-0

[Event "4th Balagne Open"]
[Site "Calvi FRA"]
[Date "2007.02.27"]
[Round "2"]
[White "Autran, Y."]
[Black "Sulava, N."]
[Result "0-1"]
[WhiteElo "1997"]
[BlackElo "2537"]
[PlyCount "56"]
[EventDate "2007.02.26"]

1. c4 e5 2. Nc3 Bb4 3. Nd5 Bc5 4. b4 Bd4 5. Rb1 c6 6. Nc3 a5 7. a3 d6 8. Nf3
Bf5 9. e4 Bg6 10. Nxd4 exd4 11. Ne2 axb4 12. axb4 d5 13. cxd5 Bxe4 14. d3 Bxd5
15. Nxd4 Ba2 16. Be3 Bxb1 17. Qxb1 Nf6 18. Be2 Nd5 19. Bd2 Qf6 20. Qb2 O-O 21.
O-O Nd7 22. Bf3 N7b6 23. Be3 Rfe8 24. Qd2 Rad8 25. Rc1 Nxe3 26. fxe3 Qe5 27.
Be4 f5 28. Bxf5 Rxd4 0-1

[Event "4th Balagne Open"]
[Site "Calvi FRA"]
[Date "2007.02.27"]
[Round "2"]
[White "Prie, E."]
[Black "Jain Singhai, N."]
[Result "1-0"]
[WhiteElo "2516"]
[BlackElo "1955"]
[PlyCount "66"]
[EventDate "2007.02.26"]

1. d4 b6 2. e4 Bb7 3. Nc3 e6 4. a3 d6 5. d5 exd5 6. exd5 Nf6 7. Nf3 Be7 8. Bb5+
Nbd7 9. Nd4 O-O 10. Nc6 Bxc6 11. Bxc6 Rb8 12. Nb5 a6 13. Nd4 Ne4 14. O-O Bf6
15. Re1 Re8 16. Be3 g6 17. c3 Bg7 18. Qc2 Nef6 19. h3 Re5 20. Bxd7 Qxd7 21. Nc6
Rbe8 22. Nxe5 Rxe5 23. c4 Rh5 24. Rad1 h6 25. b3 g5 26. Bd4 g4 27. Qe2 c5 28.
dxc6 Qxc6 29. Bxf6 Bxf6 30. Qe8+ Qxe8 31. Rxe8+ Kg7 32. hxg4 Re5 33. Rxe5 Bxe5
1-0

[Event "4th Balagne Open"]
[Site "Calvi FRA"]
[Date "2007.02.27"]
[Round "2"]
[White "Poiron, N."]
[Black "Flear, G."]
[Result "0-1"]
[WhiteElo "1899"]
[BlackElo "2480"]
[PlyCount "40"]
[EventDate "2007.02.26"]

1. d4 d5 2. c4 c6 3. Nc3 dxc4 4. e3 b5 5. a4 b4 6. Ne4 Qd5 7. Nc5 e5 8. Nf3
Bxc5 9. dxc5 Nd7 10. Qxd5 cxd5 11. c6 Nc5 12. Nxe5 Nb3 13. Rb1 Bf5 14. Nd3 cxd3
15. Bd2 Ne7 16. Rd1 Nxc6 17. f3 h5 18. Kf2 O-O 19. Kg1 Nxd2 20. Rxd2 Ne5 0-1

[Event "4th Balagne Open"]
[Site "Calvi FRA"]
[Date "2007.02.27"]
[Round "2"]
[White "Chulivska, V."]
[Black "Saunders, M."]
[Result "1-0"]
[WhiteElo "2208"]
[BlackElo "1798"]
[PlyCount "27"]
[EventDate "2007.02.26"]

1. e4 d5 2. exd5 Qxd5 3. Nc3 Qa5 4. d4 e5 5. dxe5 Bb4 6. Bd2 Nc6 7. a3 Nd4 8.
Bd3 Qxe5+ 9. Nge2 Ba5 10. O-O Bg4 11. f3 Be6 12. Nxd4 Qxd4+ 13. Kh1 O-O-O 14.
Nb5 1-0

[Event "4th Balagne Open"]
[Site "Calvi FRA"]
[Date "2007.02.27"]
[Round "2"]
[White "Geronimi, Pi"]
[Black "Boukobza, A."]
[Result "1-0"]
[WhiteElo "1893"]
[BlackElo "2192"]
[PlyCount "111"]
[EventDate "2007.02.26"]

1. e4 e6 2. Nf3 d5 3. e5 c5 4. b4 cxb4 5. a3 Nc6 6. axb4 Bxb4 7. c3 Be7 8. d4
Bd7 9. Bd3 b5 10. Na3 b4 11. cxb4 Qb6 12. Nc2 Nxb4 13. Nxb4 Bxb4+ 14. Bd2 Ne7
15. Ra6 Qb7 16. O-O Bxd2 17. Qxd2 Bc6 18. Qg5 Kf8 19. Rb1 Qd7 20. h4 Rc8 21. h5
h6 22. Qf4 Rc7 23. Rb8+ Nc8 24. Bg6 Ke8 25. Bd3 Rb7 26. Rxb7 Qxb7 27. Qc1 Kd7
28. Qc5 Kc7 29. Ne1 Nb6 30. Nc2 Kb8 31. Nb4 Rc8 32. Qd6+ Ka8 33. Ra5 Nc4 34.
Bxc4 dxc4 35. f3 Qd7 36. Qc5 Qb7 37. Nxc6 Rxc6 38. Rxa7+ Qxa7 39. Qxc6+ Qb7 40.
Qxc4 Qb1+ 41. Kf2 Qf5 42. g4 Qf4 43. Qa4+ Kb8 44. Qb4+ Ka8 45. Kg2 Ka7 46. Qb2
Ka8 47. Qa3+ Kb8 48. Qf8+ Kb7 49. Qxg7 Qd2+ 50. Kh3 Qf2 51. Qxf7+ Kb8 52. Qf8+
Kc7 53. Qxh6 Qxf3+ 54. Kh4 Qf2+ 55. Kg5 Qxd4 56. Qxe6 1-0

[Event "4th Balagne Open"]
[Site "Calvi FRA"]
[Date "2007.02.27"]
[Round "2"]
[White "Gil, Je"]
[Black "Grabinsky, V."]
[Result "0-1"]
[WhiteElo "1592"]
[BlackElo "2281"]
[PlyCount "52"]
[EventDate "2007.02.26"]

1. d4 c5 2. e3 g6 3. c3 Bg7 4. Bd3 d6 5. f4 Nf6 6. Nf3 O-O 7. O-O Nc6 8. Qe1 e5
9. Bc2 exd4 10. cxd4 cxd4 11. exd4 Qb6 12. Qc3 Nd5 13. Qb3 Nxd4 14. Nxd4 Bxd4+
15. Kh1 Nb4 16. f5 Nxc2 17. Qxc2 Bxf5 18. Rxf5 gxf5 19. Qxf5 Rfe8 20. Qg4+ Kh8
21. Qd1 Re6 22. Nd2 Bf6 23. Nc4 Qf2 24. Be3 Rxe3 25. Nxe3 Qxe3 26. Qxd6 Qe5 0-1

[Event "4th Balagne Open"]
[Site "Calvi FRA"]
[Date "2007.02.27"]
[Round "3"]
[White "Flear, G."]
[Black "Ni Hua"]
[Result "0-1"]
[WhiteElo "2480"]
[BlackElo "2632"]
[PlyCount "104"]
[EventDate "2007.02.26"]

1. d4 Nf6 2. c4 g6 3. Nc3 d5 4. cxd5 Nxd5 5. Bd2 Bg7 6. e4 Nb6 7. Be3 Nc6 8. d5
Ne5 9. f4 Ng4 10. Bb5+ Bd7 11. Bd4 Bxd4 12. Qxd4 O-O 13. Nf3 Bxb5 14. Nxb5 c6
15. dxc6 bxc6 16. Qxd8 Rfxd8 17. Nbd4 c5 18. Nc6 Rd6 19. Nce5 Nxe5 20. fxe5 Re6
21. O-O-O Rb8 22. b3 Rc6 23. Rd3 c4 24. Rc3 Rc5 25. Rd1 cxb3 26. Rxc5 bxa2 27.
Ra5 Rc8+ 28. Kb2 Nc4+ 29. Kxa2 Nxa5 30. Rd5 Nc6 31. Rd7 Kf8 32. e6 fxe6 33. Ng5
h6 34. Nxe6+ Kf7 35. Nf4 a5 36. Ka3 Nb4 37. Ka4 Rc4 38. Kxa5 Rxe4 39. g3 g5 40.
Nd3 Nxd3 41. Rxd3 Re2 42. h3 h5 43. Kb4 Rh2 44. g4 hxg4 45. hxg4 Rg2 46. Rd4
Rf2 47. Kc5 Rf4 48. Kd5 Kf6 49. Re4 Rxe4 50. Kxe4 Ke6 51. Kd4 Kd6 52. Ke4 e6
0-1

[Event "4th Balagne Open"]
[Site "Calvi FRA"]
[Date "2007.02.27"]
[Round "3"]
[White "Wang Hao"]
[Black "Hrabinska, M."]
[Result "1-0"]
[WhiteElo "2619"]
[BlackElo "2294"]
[PlyCount "57"]
[EventDate "2007.02.26"]

1. e4 c5 2. Nf3 e6 3. d4 cxd4 4. Nxd4 a6 5. Nc3 Qc7 6. Be2 Nc6 7. O-O Nf6 8.
Kh1 d6 9. f4 Be7 10. a4 O-O 11. Be3 Re8 12. Bf3 Bf8 13. Qd2 Na5 14. b3 Bd7 15.
Rad1 Rac8 16. Nde2 b5 17. e5 b4 18. exf6 bxc3 19. Qd3 Nc6 20. fxg7 Bxg7 21.
Qxd6 Qb8 22. Qxd7 Red8 23. Qxc6 Rxc6 24. Bxc6 Bf6 25. Ng3 Rc8 26. Bf3 a5 27.
Ne4 Bg7 28. Nd6 Rd8 29. Nb7 1-0

[Event "4th Balagne Open"]
[Site "Calvi FRA"]
[Date "2007.02.27"]
[Round "3"]
[White "Chulivska, V."]
[Black "Malakhatko, V."]
[Result "0-1"]
[WhiteElo "2208"]
[BlackElo "2604"]
[PlyCount "45"]
[EventDate "2007.02.26"]

1. e4 e6 2. Nf3 d5 3. e5 c5 4. b4 cxb4 5. a3 Nc6 6. axb4 Bxb4 7. c3 Be7 8. d4
Nh6 9. Bd3 Nf5 10. Ba3 h5 11. h4 a6 12. Nbd2 g6 13. Ng5 Bd7 14. Ndf3 Rc8 15.
Bxf5 gxf5 16. Kf1 Na5 17. Bxe7 Kxe7 18. Rc1 Bb5+ 19. Kg1 Qc7 20. Nd2 Rcg8 21.
Kh2 Nc4 22. Nxc4 Bxc4 23. Nh3 0-1

[Event "4th Balagne Open"]
[Site "Calvi FRA"]
[Date "2007.02.27"]
[Round "3"]
[White "Kryvoruchko, Y."]
[Black "Humeau, C."]
[Result "1-0"]
[WhiteElo "2592"]
[BlackElo "2160"]
[PlyCount "81"]
[EventDate "2007.02.26"]

1. e4 e5 2. Nf3 Nf6 3. Nxe5 d6 4. Nf3 Nxe4 5. Nc3 Nxc3 6. dxc3 Be7 7. Bf4 O-O
8. Qd2 Nd7 9. O-O-O Nc5 10. Kb1 Re8 11. Be3 Bf6 12. Bxc5 dxc5 13. Qc1 Qe7 14.
Bc4 Bg4 15. Rde1 Qd7 16. Ng5 Bxg5 17. Qxg5 Rxe1+ 18. Rxe1 b6 19. Qe7 Be6 20.
Qxe6 Qxe6 21. Bxe6 fxe6 22. Rxe6 Rf8 23. f3 Kf7 24. Re4 Rd8 25. Kc1 Rd6 26. b4
Rh6 27. h4 Rg6 28. g4 Rf6 29. f4 Rh6 30. h5 cxb4 31. cxb4 b5 32. Re5 Rf6 33.
Rxb5 Rxf4 34. Rb7 Rxg4 35. Rxc7+ Kf6 36. b5 Rg5 37. a4 Rxh5 38. Rxa7 g5 39. b6
Rh4 40. a5 Rb4 41. Rxh7 1-0

[Event "4th Balagne Open"]
[Site "Calvi FRA"]
[Date "2007.02.27"]
[Round "3"]
[White "Kradolfer, G."]
[Black "Oleksienko, M."]
[Result "0-1"]
[WhiteElo "2159"]
[BlackElo "2541"]
[PlyCount "64"]
[EventDate "2007.02.26"]

1. c4 Nf6 2. Nc3 c5 3. g3 d5 4. cxd5 Nxd5 5. Bg2 Nc7 6. Nf3 Nc6 7. O-O e5 8. d3
Be7 9. Be3 O-O 10. Rc1 Be6 11. Qa4 f5 12. Nb5 Nxb5 13. Qxb5 a6 14. Qa4 b5 15.
Qd1 Qb6 16. Qd2 Rab8 17. b3 Kh8 18. Rfe1 Bd6 19. Qb2 f4 20. gxf4 exf4 21. Bd2
b4 22. e3 Bg4 23. exf4 Bxf3 24. Bxf3 Nd4 25. Bg2 Bxf4 26. Re4 Bxh2+ 27. Kxh2
Rxf2 28. Rxd4 Qg6 29. Rg1 cxd4 30. Qc1 Rbf8 31. Bxb4 Qh5+ 32. Kg3 R2f3+ 0-1

[Event "4th Balagne Open"]
[Site "Calvi FRA"]
[Date "2007.02.27"]
[Round "3"]
[White "Sulava, N."]
[Black "Geronimi, Pi"]
[Result "1-0"]
[WhiteElo "2537"]
[BlackElo "1893"]
[PlyCount "45"]
[EventDate "2007.02.26"]

1. Nf3 d5 2. e3 Nf6 3. c4 e6 4. Nc3 c6 5. b3 Bd6 6. Bb2 O-O 7. Qc2 Nbd7 8. Be2
b6 9. O-O Bb7 10. d4 Re8 11. Rad1 Qc7 12. e4 e5 13. cxd5 cxd5 14. dxe5 Nxe5 15.
Nd4 Bc5 16. Ndb5 Qc8 17. b4 Bxb4 18. Qb3 Bf8 19. Nxd5 Nxd5 20. exd5 a6 21. Rc1
Bc5 22. Nd6 Qd7 23. Nxb7 1-0

[Event "4th Balagne Open"]
[Site "Calvi FRA"]
[Date "2007.02.27"]
[Round "3"]
[White "Grabinsky, V."]
[Black "Saunders, M."]
[Result "1-0"]
[WhiteElo "2281"]
[BlackElo "1798"]
[PlyCount "45"]
[EventDate "2007.02.26"]

1. e4 d5 2. exd5 Qxd5 3. Nc3 Qa5 4. d4 e5 5. Nf3 Bg4 6. Be2 Bb4 7. O-O Nc6 8.
Nxe5 Bxe2 9. Nxc6 Bxd1 10. Nxa5 Bxc2 11. Nxb7 Kd7 12. Nd5 Bf8 13. Bf4 Be4 14.
Nxc7 Bxb7 15. Nxa8 Bxa8 16. Rac1 Bd6 17. Bxd6 Kxd6 18. Rc8 Bb7 19. Rb8 Kc7 20.
Rf8 Bd5 21. Rc1+ Kd7 22. Rcc8 f6 23. Rfd8+ 1-0

[Event "4th Balagne Open"]
[Site "Calvi FRA"]
[Date "2007.02.27"]
[Round "3"]
[White "Boukobza, A."]
[Black "Campana, M."]
[Result "1/2-1/2"]
[WhiteElo "2192"]
[BlackElo "1791"]
[PlyCount "89"]
[EventDate "2007.02.26"]

1. d4 d5 2. c4 c6 3. Nc3 Nf6 4. Nf3 dxc4 5. a4 Bg4 6. e3 e6 7. Bxc4 c5 8. d5
exd5 9. Nxd5 Nc6 10. O-O Bd6 11. h3 Bh5 12. Nxf6+ Qxf6 13. Qd5 Bg6 14. Bd2 O-O
15. Bc3 Qe7 16. Rad1 Rad8 17. Qg5 Qxg5 18. Nxg5 h6 19. Nf3 Rfe8 20. Rd2 Bc7 21.
Bd5 Be4 22. Rfd1 Bxd5 23. Rxd5 b6 24. Rd7 Rxd7 25. Rxd7 Re7 26. Rxe7 Nxe7 27.
Be5 Bxe5 28. Nxe5 f6 29. Nc4 Nc6 30. Kf1 Kf7 31. Ke2 Ke6 32. Kd3 Nb4+ 33. Kc3
Kd5 34. Nd2 f5 35. Nf3 g5 36. Nd2 Nc6 37. Nf3 a6 38. Ne1 Ne5 39. Nd3 Nxd3 40.
Kxd3 b5 41. axb5 axb5 42. f3 h5 43. Kc3 Ke5 44. Kd3 Kd5 45. Kc3 1/2-1/2

[Event "4th Balagne Open"]
[Site "Calvi FRA"]
[Date "2007.02.27"]
[Round "3"]
[White "Geronimi, Pa"]
[Black "Kradolfer, D."]
[Result "0-1"]
[WhiteElo "1708"]
[BlackElo "2034"]
[PlyCount "68"]
[EventDate "2007.02.26"]

1. e4 c5 2. Nf3 e6 3. c3 Nf6 4. Qc2 Qc7 5. Bc4 d5 6. exd5 exd5 7. Bb5+ Bd7 8.
c4 Bxb5 9. cxb5 Bd6 10. O-O O-O 11. Nc3 Nbd7 12. g3 Ne5 13. Qd1 Nd3 14. Qc2 c4
15. b3 Bc5 16. Nd1 Nxc1 17. Rxc1 Rac8 18. bxc4 dxc4 19. Ne3 Bxe3 20. dxe3 Qc5
21. Qa4 Rfd8 22. Rfd1 Rxd1+ 23. Rxd1 c3 24. Rc1 Nd5 25. Nd4 Qe7 26. Nf5 Qe5 27.
e4 Nf6 28. f3 Qc5+ 29. Kg2 Rd8 30. Rc2 Rd2+ 31. Rxd2 cxd2 32. Kf1 Qc1+ 33. Ke2
Qe1+ 34. Kd3 d1=Q+ 0-1

[Event "4th Balagne Open"]
[Site "Calvi FRA"]
[Date "2007.02.27"]
[Round "3"]
[White "Jain Singhai, N."]
[Black "Costa, Alb"]
[Result "1/2-1/2"]
[WhiteElo "1955"]
[BlackElo "2008"]
[PlyCount "84"]
[EventDate "2007.02.26"]

1. e4 e5 2. Nf3 Nc6 3. d4 exd4 4. Bc4 h6 5. O-O Bc5 6. c3 Qf6 7. e5 Qe7 8. cxd4
Bb6 9. a3 d6 10. Re1 Kd8 11. Nc3 Bg4 12. Nd5 Qd7 13. Nxb6 axb6 14. Qd3 d5 15.
Bb5 Nge7 16. Bf4 Bf5 17. Qc3 g5 18. Bg3 Rg8 19. Rac1 Rg6 20. e6 Rxe6 21. Ne5
Qe8 22. Nxc6+ bxc6 23. Rxe6 Bxe6 24. Bxc6 Nxc6 25. Qxc6 Qxc6 26. Rxc6 Rc8 27.
Be5 Kd7 28. Rc3 f5 29. b4 b5 30. Kf1 c6 31. Ke2 f4 32. g3 fxg3 33. hxg3 h5 34.
Bf6 g4 35. Bg5 Re8 36. Re3 Bf7 37. Rxe8 Bxe8 38. Ke3 Ke6 39. Kf4 Bg6 40. Bd8
Be8 41. Bg5 Bg6 42. Bd8 Be8 1/2-1/2

[Event "4th Balagne Open"]
[Site "Calvi FRA"]
[Date "2007.02.28"]
[Round "4"]
[White "Ni Hua"]
[Black "Kryvoruchko, Y."]
[Result "1-0"]
[WhiteElo "2632"]
[BlackElo "2592"]
[PlyCount "85"]
[EventDate "2007.02.26"]

1. e4 c5 2. Nf3 Nc6 3. Nc3 e5 4. Bc4 Be7 5. d3 Nf6 6. Bg5 d6 7. Bxf6 Bxf6 8.
Nd5 O-O 9. O-O g6 10. c3 Be6 11. a3 Bg7 12. b4 Rb8 13. bxc5 dxc5 14. a4 Na5 15.
Ba2 Rc8 16. Nd2 b6 17. Qc2 Qd7 18. Ne3 Rfd8 19. Bd5 Bh6 20. c4 Qd6 21. Nb3 Nxb3
22. Qxb3 Bxe3 23. fxe3 Bxd5 24. exd5 e4 25. dxe4 Qe5 26. a5 Qxe4 27. axb6 axb6
28. Ra7 Rf8 29. h3 b5 30. cxb5 c4 31. Qc3 Qxd5 32. b6 Rb8 33. Rb1 Qe4 34. Rb4
Rfd8 35. Qf6 Qxe3+ 36. Kh2 Qe8 37. Rc7 h5 38. b7 c3 39. Re4 Qf8 40. Ree7 c2 41.
Rxc2 Qg7 42. Qf3 Rf8 43. Rcc7 1-0

[Event "4th Balagne Open"]
[Site "Calvi FRA"]
[Date "2007.02.28"]
[Round "4"]
[White "Oleksienko, M."]
[Black "Wang Hao"]
[Result "1-0"]
[WhiteElo "2541"]
[BlackElo "2619"]
[PlyCount "60"]
[EventDate "2007.02.26"]

1. e4 e5 2. Nf3 Nc6 3. Bb5 a6 4. Ba4 Nf6 5. O-O Be7 6. d3 d6 7. c3 O-O 8. Nbd2
b5 9. Bc2 d5 10. Qe2 Re8 11. Rd1 Bf8 12. Nf1 h6 13. Ng3 Be6 14. h3 g6 15. d4
exd4 16. e5 d3 17. Bxd3 Nd7 18. Bf4 Bg7 19. Re1 Qe7 20. Qd2 Qf8 21. Re2 Nb6 22.
Rae1 Rad8 23. Nd4 Nc4 24. Qc1 Nxd4 25. cxd4 Rc8 26. b3 Nb6 27. Qd2 c5 28. Nh5
cxd4 29. Nf6+ Bxf6 30. exf6 Nd7 1-0